1356 1628 1401 1186 1754 1511 1167 1677 1113 1110 1389 1094 1956 1458 1054 1981 1630 1753 1099 1936 1833 1733 1004 1900 1957 1943 1489 1736 1515 1066 1564 1980 1656 1223 1671 1608 1606 1504 1750 1727 1413 1052 1708 1346 1982 1791 1461 1739 1502 1872 1121 1678 1819 1337 1584 1276 1735 1900 1117 1664 1660 1644 1224 1237 1344 1900 1588 1192 1758 1976 1595 1340 1581 1771 1487 1796 1889 1268 1822 1839 1615 1631 1315 1609 1353 1416 1837 1277 1997 1114 1482 1631 1349 1483 1405 1336 1060 1221 1791 BCNSPRNW ULIB Ver.6.0+V

เปลี่ยนเป็นภาษาไทย

Change to English
 แสดงรายละเอียดบรรณานุกรม
  กลับหน้าหลัก

Brief Record : Get Marc (ISO 2709) : E-mail record : QR code < ปิดหน้าต่าง
LEADER : 00000nam 2200000uu 4500
001    13399129066
003     ULIB
008    250605s2564||||th 000 0 tha d
020    ^a9786164439030
060  4 ^aWX205^bร287ก
100 0  ^aรังสิมา ทินมณี,บรรณาธิการ
245 1  ^aกลยุทธ์การบริบาลผู้ป่วยนอก =^bAmbulatory medicine 2024 /^cบรรณาธิการ รังสิมา ทินมณี ... [และคนอื่น ๆ].
246 3  ^aAmbulatory Medicine
246 3  ^aAmbulatory medicine :^bnovel strategies in ambulatory medicine
246 3  ^aAmbulatory medicine กลยุทธ์การบริบาลผู้ป่วยนอก 2024
250    ^aพิมพ์ครั้งที่ 1.
250    ^aพิมพ์ครั้งที่ 2.
260    ^aกรุงเทพฯ :^bเทพเพ็ญวานิสย์,^c2564.
260    ^aกรุงเทพฯ :^bสมาคมอายุรศาสตร์ผู้ป่วยนอก,^c2567.
300    ^a400หน้า :^bภาพประกอบ, ตาราง ;^c26 ซม.
650  2 ^aAmbulatory care.
650  2 ^aInternal medicine.
650  4 ^aการดูแลรักษาในโรงพยาบาล.
650  4 ^aการบริบาลผู้ป่วยนอก.
650  4 ^aการบริบาลผู้ป่วยนอก.
650  4 ^aผู้ป่วย^xการดูแล
650  4 ^aผู้ป่วยของโรงพยาบาล, การบริการ
650  4 ^aโรงพยาบาล^xบริการผู้ป่วยนอก
650  4 ^aโรงพยาบาล^xแผนกผู้ป่วยนอก
650  4 ^aโรงพยาบาล^xแผนกผู้ป่วยนอก
650  4 ^aอายุรศาสตร์.
650  4 ^aอายุรศาสตร์.
650  4 ^aอายุรศาสตร์^vรวมเรื่อง
650  4 ^aอายุรศาสตร์^xรวมเรื่อง
700 0  ^aรังสิมา ทินมณี^eบรรณาธิการ.
945    ^p450^l0^i30535
945    ^p450^l0^i30536
999    ^aกัณชพร จุลอักษร
รายการนี้ยังไม่มีแท็ก
คุณยังไม่ได้ล็อกอิน คุณสามารถมีกิจกรรมร่วมกับเว็บไซต์ได้ แต่ต้องล็อกอินก่อน ::
  ล็อกอิน

รายการสื่อสารสนเทศ

ลำดับที่ ประเภท เลขเรียก/บาร์โค้ด สถานที่ สถานะ
1. หนังสือสำรอง
หนังสือสำรอง
WX205 ร287ก ฉ.1 
  Barcode: 30535
ห้องสมุดวิทยาเขตนครสวรรค์
►หนังสือทั่วไป:l:General Books
บนชั้น
2. วิทยาศาสตร์การแพทย์ และสุขภาพ
วิทยาศาสตร์การแพทย์ และสุขภาพ
WX205 ร287ก ฉ.2 
  Barcode: 30536
ห้องสมุดวิทยาเขตนครสวรรค์
►หนังสือทั่วไป:l:General Books
บนชั้น

รายการใกล้เคียง
    ผู้แต่ง [รังสิมา ทินมณี,บรรณาธิการ]

    หัวเรื่อง [Ambulatory care.]
    หัวเรื่อง [Internal medicine.]
    หัวเรื่อง [การดูแลรักษาในโรงพยาบาล.]
    หัวเรื่อง [การบริบาลผู้ป่วยนอก.]
    หัวเรื่อง [การบริบาลผู้ป่วยนอก.]
    หัวเรื่อง [ผู้ป่วย การดูแล]
    หัวเรื่อง [ผู้ป่วยของโรงพยาบาล, การบริการ]
    หัวเรื่อง [อายุรศาสตร์.]
    หัวเรื่อง [อายุรศาสตร์.]

BibComment


ยังไม่เคยถูกคอมเมนท์

คอมเมนท์ทรัพยากรรายการนี้
  คอมเมนท์: กลยุทธ์การบริบาล..


 Copyright 2026. Bcnsprnw @Library